| 000 | 00708nam a2200229 a 4500 | ||
|---|---|---|---|
| 999 |
_c1118 _d1118 |
||
| 001 | 1118 | ||
| 003 | BD-JhCC | ||
| 005 | 20171015155042.0 | ||
| 008 | 171015s2008 bg |||| |||| 000 0aben d | ||
| 020 | _a9847012400265 | ||
| 035 | _a(BD-JhCC)1118 | ||
| 040 |
_aBD-JhCC _dBD-JhCC |
||
| 041 | _aben | ||
| 082 |
_a968.064092 _bBEG 2008 |
||
| 100 | _aবেগম, মালেকা | ||
| 245 |
_aউইনির চোখে ম্যান্ডেলা / _cমালেকা বেগম |
||
| 260 |
_aঢাকা: _bসাহিত্য প্রকাশ, _c২০০৮. |
||
| 300 |
_a১৩১ পৃ .: _c২১ সেমি. |
||
| 600 | _amendala, Nelson | ||
| 942 |
_2ddc _cBK |
||